000 01198nam a2200301 a 4500
001 ebr5002118
003 CaPaEBR
006 m u
007 cr cn|||||||||
008 900529s1991 enka sb 001 0 eng
010 _z 90008753
020 _z0415038189
040 _aCaPaEBR
_cCaPaEBR
035 _a(OCoLC)50845063
050 1 4 _aQA76
_b.L49 1991eb
082 0 4 _a004/.09172/6
_220
100 1 _aLind, Per,
_d1940-
245 1 0 _aComputerization in developing countries
_h[electronic resource] :
_bmodel and reality /
_cPer Lind.
260 _aLondon ;
_aNew York :
_bRoutledge,
_c1991.
300 _axiv, 175 p. :
_bill.
504 _aIncludes bibliographical references (p. 161-167) and index.
533 _aElectronic reproduction.
_bPalo Alto, Calif. :
_cebrary,
_d2013.
_nAvailable via World Wide Web.
_nAccess may be limited to ebrary affiliated libraries.
650 0 _aComputers
_zDeveloping countries.
650 0 _aElectronic data processing
_zDeveloping countries.
655 7 _aElectronic books.
_2local
710 2 _aebrary, Inc.
856 4 0 _uhttp://site.ebrary.com/lib/rucke/Doc?id=5002118
_zAn electronic book accessible through the World Wide Web; click to view
999 _c16368
_d16368